000 00791nam a2200241Ia 4500
008 160404s9999 xx 000 0 und d
050 _aFIL HF 5626
050 _b.E93 2003 v.2
100 _aEvangelista, Rosalinda D.
245 2 _aA Guide to the use of the statement of financial accounting standards (SFAS) of the Philippines /
245 _cRosalinda D. Evangelista, Abelardo T. Domondon.
250 _a2nd Edition
260 _aManila :
260 _bGIC Enterprises,. Inc.,
260 _c2003
300 _aB-43 pages :
300 _billustrations ;
300 _c22 cm.
650 _aAccounting -- Standards - Philippines.
650 _aFinancial statements -- Standards -- Philippines.
650 _xFinancial guide.
650 _xFinancial reports -- Philippines.
999 _c293231
_d293231